Meaning, truth and god /

Guardado en:
Autor Principal: Rouner, Leroy S., Ed.
Formato: Libro
Publicado: Usa : University Of Notre Dame, 1982
Series:Boston University Studies In P
Materias:
Etiquetas: Agregar Etiqueta
Sin Etiquetas, Sea el primero en etiquetar este registro!
LEADER 00619nam a22002055a 4500
001 EHU.bham024375
003 AR-BHAM
005 20130507143341.0
008 130507s1982##################000#0#####d
082 2 0 |a 200.1 
100 1 |a Rouner, Leroy S., Ed. 
245 1 0 |a Meaning, truth and god /  |c Leroy S., Ed. Rouner 
260 |a Usa :  |b University Of Notre Dame,  |c 1982 
300 |a 240 p. 
490 0 |a Boston University Studies In P 
653 |a Filosofia de la religion 
653 |a Verdad 
653 |a Religion y filosofia 
653 |a Teologia y filosofia 
859 |a AR-BHAM  |b BIB. HUMANIDADES - General  |h 200.1  |i R76  |p 175.02  |t Ej.1